000 00281nam a22001217a 4500
003 SGT
082 _a004.21,SEN
100 _aSENN,JAMES A
245 _aANALYEIS AND DESIGN OF INFORMATION SYSTEMS
260 _bTATA MCGRAW HILL PUB.
_c2009
300 _a850
942 _2ddc
_cGF BOOKS
999 _c34426
_d34426